Codificación y decodificación procesal / (Registro nro. 3633)
[ vista simple ]
| 000 -LEADER | |
|---|---|
| fixed length control field | 00592nab a22001937a 4500 |
| 003 - CONTROL NUMBER IDENTIFIER | |
| control field | OSt |
| 005 - DATE AND TIME OF LATEST TRANSACTION | |
| control field | 20191202071827.0 |
| 008 - FIXED-LENGTH DATA ELEMENTS--GENERAL INFORMATION | |
| fixed length control field | 191129b ||||| |||| 00| 0 spa d |
| 020 ## - INTERNATIONAL STANDARD BOOK NUMBER | |
| International Standard Book Number | 9789873014116 |
| 040 ## - CATALOGING SOURCE | |
| Transcribing agency | PJ-TdF |
| 100 ## - MAIN ENTRY--PERSONAL NAME | |
| 9 (RLIN) | 270 |
| Personal name | Falcón, Enrique Manuel |
| 245 10 - TITLE STATEMENT | |
| Title | Codificación y decodificación procesal / |
| Statement of responsibility, etc | Enrique M. Falcón. |
| 250 ## - EDITION STATEMENT | |
| Edition statement | 1a. ed. |
| 300 ## - PHYSICAL DESCRIPTION | |
| Extent | p. 17-26 |
| 650 #0 - SUBJECT ADDED ENTRY--TOPICAL TERM | |
| 9 (RLIN) | 267 |
| Topical term or geographic name as entry element | DERECHO PROCESAL |
| 650 #0 - SUBJECT ADDED ENTRY--TOPICAL TERM | |
| 9 (RLIN) | 5013 |
| Topical term or geographic name as entry element | CÓDIGOS |
| 773 0# - HOST ITEM ENTRY | |
| Host Biblionumber | 3632 |
| Host Itemnumber | 3353 |
| Place, publisher, and date of publication | Santa Fe: Rubinzal-Culzoni, 2019. |
| Other item identifier | 6480 |
| Title | Revista de derecho procesal. 2019-2 |
| International Standard Book Number | 9789873014116 |
| 942 ## - ADDED ENTRY ELEMENTS (KOHA) | |
| Source of classification or shelving scheme | |
| Koha item type | Publicaciones Periódicas |
No hay ítems disponibles.
